<?xml version="1.0" encoding="UTF-8"?>
<collection xmlns="http://www.loc.gov/MARC21/slim">
 <record>
  <leader>04122nas a2200625   4500</leader>
  <controlfield tag="001">1/50091</controlfield>
  <controlfield tag="008">930920s19--9999gr anzp       0   g0gre d</controlfield>
  <datafield tag="022" ind1=" " ind2=" ">
   <subfield code="a">0072-7393</subfield>
  </datafield>
  <datafield tag="035" ind1=" " ind2=" ">
   <subfield code="l">2412</subfield>
  </datafield>
  <datafield tag="040" ind1=" " ind2=" ">
   <subfield code="a">GR-PeUP</subfield>
  </datafield>
  <datafield tag="090" ind1=" " ind2=" ">
   <subfield code="a">Αλφαβητική σειρά</subfield>
  </datafield>
  <datafield tag="245" ind1="0" ind2="0">
   <subfield code="a">Βιομηχανία = industry</subfield>
  </datafield>
  <datafield tag="260" ind1=" " ind2=" ">
   <subfield code="a">Αθήνα :</subfield>
   <subfield code="b">Εθνική Στατιστική Υπηρεσία της Ελλάδος,</subfield>
   <subfield code="c">[19--]-</subfield>
  </datafield>
  <datafield tag="300" ind1=" " ind2=" ">
   <subfield code="a">τ. :</subfield>
   <subfield code="b">εικ.;</subfield>
   <subfield code="c">30 εκ.</subfield>
  </datafield>
  <datafield tag="310" ind1=" " ind2=" ">
   <subfield code="a">Ετήσιο</subfield>
  </datafield>
  <datafield tag="362" ind1="0" ind2=" ">
   <subfield code="a">1967-</subfield>
  </datafield>
  <datafield tag="546" ind1=" " ind2=" ">
   <subfield code="a">Ελληνική</subfield>
  </datafield>
  <datafield tag="650" ind1=" " ind2="4">
   <subfield code="a">Βιομηχανία</subfield>
   <subfield code="z">Ελλάδα</subfield>
   <subfield code="v">Περιοδικά.</subfield>
  </datafield>
  <datafield tag="780" ind1="0" ind2="0">
   <subfield code="a">Συνεχίζει το &quot;Στατιστική ερευνα βιομηχανίας&quot;</subfield>
  </datafield>
  <datafield tag="785" ind1="1" ind2="0">
   <subfield code="a">Συνεχίζεται από το &quot;Βιομηχανία&quot;</subfield>
  </datafield>
  <datafield tag="852" ind1=" " ind2=" ">
   <subfield code="a">INST</subfield>
   <subfield code="b">UNIPILB</subfield>
   <subfield code="c">SERIALS</subfield>
   <subfield code="e">20051116</subfield>
   <subfield code="h">Αλφαβητική σειρά</subfield>
   <subfield code="p">48574</subfield>
   <subfield code="q">48574</subfield>
   <subfield code="t">NOLOAN</subfield>
   <subfield code="v">(Έτος)1967:</subfield>
   <subfield code="y">23</subfield>
  </datafield>
  <datafield tag="852" ind1=" " ind2=" ">
   <subfield code="a">INST</subfield>
   <subfield code="b">UNIPILB</subfield>
   <subfield code="c">SERIALS</subfield>
   <subfield code="e">20051116</subfield>
   <subfield code="h">Αλφαβητική σειρά</subfield>
   <subfield code="p">48575</subfield>
   <subfield code="q">48575</subfield>
   <subfield code="t">NOLOAN</subfield>
   <subfield code="v">(Έτος)1969:</subfield>
   <subfield code="y">23</subfield>
  </datafield>
  <datafield tag="852" ind1=" " ind2=" ">
   <subfield code="a">INST</subfield>
   <subfield code="b">UNIPILB</subfield>
   <subfield code="c">SERIALS</subfield>
   <subfield code="e">20051116</subfield>
   <subfield code="h">Αλφαβητική σειρά</subfield>
   <subfield code="p">48576</subfield>
   <subfield code="q">48576</subfield>
   <subfield code="t">NOLOAN</subfield>
   <subfield code="v">(Έτος)1970:</subfield>
   <subfield code="y">23</subfield>
  </datafield>
  <datafield tag="852" ind1=" " ind2=" ">
   <subfield code="a">INST</subfield>
   <subfield code="b">UNIPILB</subfield>
   <subfield code="c">SERIALS</subfield>
   <subfield code="e">20051116</subfield>
   <subfield code="h">Αλφαβητική σειρά</subfield>
   <subfield code="p">48577</subfield>
   <subfield code="q">48577</subfield>
   <subfield code="t">NOLOAN</subfield>
   <subfield code="v">(Έτος)1974:</subfield>
   <subfield code="y">23</subfield>
  </datafield>
  <datafield tag="852" ind1=" " ind2=" ">
   <subfield code="a">INST</subfield>
   <subfield code="b">UNIPILB</subfield>
   <subfield code="c">SERIALS</subfield>
   <subfield code="e">20051116</subfield>
   <subfield code="h">Αλφαβητική σειρά</subfield>
   <subfield code="p">48578</subfield>
   <subfield code="q">48578</subfield>
   <subfield code="t">NOLOAN</subfield>
   <subfield code="v">(Έτος)1975:</subfield>
   <subfield code="y">23</subfield>
  </datafield>
  <datafield tag="852" ind1=" " ind2=" ">
   <subfield code="a">INST</subfield>
   <subfield code="b">UNIPILB</subfield>
   <subfield code="c">SERIALS</subfield>
   <subfield code="e">20051116</subfield>
   <subfield code="h">Αλφαβητική σειρά</subfield>
   <subfield code="p">48579</subfield>
   <subfield code="q">48579</subfield>
   <subfield code="t">NOLOAN</subfield>
   <subfield code="v">(Έτος)1976:</subfield>
   <subfield code="y">23</subfield>
  </datafield>
  <datafield tag="852" ind1=" " ind2=" ">
   <subfield code="a">INST</subfield>
   <subfield code="b">UNIPILB</subfield>
   <subfield code="c">SERIALS</subfield>
   <subfield code="e">20051116</subfield>
   <subfield code="h">Αλφαβητική σειρά</subfield>
   <subfield code="p">48580</subfield>
   <subfield code="q">48580</subfield>
   <subfield code="t">NOLOAN</subfield>
   <subfield code="v">(Έτος)1977:</subfield>
   <subfield code="y">23</subfield>
  </datafield>
  <datafield tag="852" ind1=" " ind2=" ">
   <subfield code="a">INST</subfield>
   <subfield code="b">UNIPILB</subfield>
   <subfield code="c">SERIALS</subfield>
   <subfield code="e">20051116</subfield>
   <subfield code="h">Αλφαβητική σειρά</subfield>
   <subfield code="p">48581</subfield>
   <subfield code="q">48581</subfield>
   <subfield code="t">NOLOAN</subfield>
   <subfield code="v">(Έτος)1980:</subfield>
   <subfield code="y">23</subfield>
  </datafield>
  <datafield tag="852" ind1=" " ind2=" ">
   <subfield code="a">INST</subfield>
   <subfield code="b">UNIPILB</subfield>
   <subfield code="c">SERIALS</subfield>
   <subfield code="e">20051116</subfield>
   <subfield code="h">Αλφαβητική σειρά</subfield>
   <subfield code="p">48582</subfield>
   <subfield code="q">48582</subfield>
   <subfield code="t">NOLOAN</subfield>
   <subfield code="v">(Έτος)1981:</subfield>
   <subfield code="y">23</subfield>
  </datafield>
  <datafield tag="852" ind1=" " ind2=" ">
   <subfield code="a">INST</subfield>
   <subfield code="b">UNIPILB</subfield>
   <subfield code="c">SERIALS</subfield>
   <subfield code="e">20051116</subfield>
   <subfield code="h">Αλφαβητική σειρά</subfield>
   <subfield code="p">48583</subfield>
   <subfield code="q">48583</subfield>
   <subfield code="t">NOLOAN</subfield>
   <subfield code="v">(Έτος)1982:</subfield>
   <subfield code="y">23</subfield>
  </datafield>
  <datafield tag="852" ind1=" " ind2=" ">
   <subfield code="a">INST</subfield>
   <subfield code="b">UNIPILB</subfield>
   <subfield code="c">SERIALS</subfield>
   <subfield code="e">20051116</subfield>
   <subfield code="h">Αλφαβητική σειρά</subfield>
   <subfield code="p">48584</subfield>
   <subfield code="q">48584</subfield>
   <subfield code="t">NOLOAN</subfield>
   <subfield code="v">(Έτος)1983:</subfield>
   <subfield code="y">23</subfield>
  </datafield>
  <datafield tag="852" ind1=" " ind2=" ">
   <subfield code="a">INST</subfield>
   <subfield code="b">UNIPILB</subfield>
   <subfield code="c">SERIALS</subfield>
   <subfield code="e">20051116</subfield>
   <subfield code="h">Αλφαβητική σειρά</subfield>
   <subfield code="p">48585</subfield>
   <subfield code="q">48585</subfield>
   <subfield code="t">NOLOAN</subfield>
   <subfield code="v">(Έτος)1984:</subfield>
   <subfield code="y">23</subfield>
  </datafield>
  <datafield tag="852" ind1=" " ind2=" ">
   <subfield code="a">INST</subfield>
   <subfield code="b">UNIPILB</subfield>
   <subfield code="c">SERIALS</subfield>
   <subfield code="e">20051116</subfield>
   <subfield code="h">Αλφαβητική σειρά</subfield>
   <subfield code="p">48586</subfield>
   <subfield code="q">48586</subfield>
   <subfield code="t">NOLOAN</subfield>
   <subfield code="v">(Έτος)1985:</subfield>
   <subfield code="y">23</subfield>
  </datafield>
  <datafield tag="852" ind1=" " ind2=" ">
   <subfield code="a">INST</subfield>
   <subfield code="b">UNIPILB</subfield>
   <subfield code="c">SERIALS</subfield>
   <subfield code="e">20051116</subfield>
   <subfield code="h">Αλφαβητική σειρά</subfield>
   <subfield code="p">48587</subfield>
   <subfield code="q">48587</subfield>
   <subfield code="t">NOLOAN</subfield>
   <subfield code="v">(Έτος)1986:</subfield>
   <subfield code="y">23</subfield>
  </datafield>
  <datafield tag="852" ind1=" " ind2=" ">
   <subfield code="a">INST</subfield>
   <subfield code="b">UNIPILB</subfield>
   <subfield code="c">SERIALS</subfield>
   <subfield code="e">20051116</subfield>
   <subfield code="h">Αλφαβητική σειρά</subfield>
   <subfield code="p">48588</subfield>
   <subfield code="q">48588</subfield>
   <subfield code="t">NOLOAN</subfield>
   <subfield code="v">(Έτος)1987:</subfield>
   <subfield code="y">23</subfield>
  </datafield>
  <datafield tag="852" ind1=" " ind2=" ">
   <subfield code="a">INST</subfield>
   <subfield code="b">UNIPILB</subfield>
   <subfield code="c">SERIALS</subfield>
   <subfield code="e">20051116</subfield>
   <subfield code="h">Αλφαβητική σειρά</subfield>
   <subfield code="p">48589</subfield>
   <subfield code="q">48589</subfield>
   <subfield code="t">NOLOAN</subfield>
   <subfield code="v">(Έτος)1988:</subfield>
   <subfield code="y">23</subfield>
  </datafield>
  <datafield tag="852" ind1=" " ind2=" ">
   <subfield code="a">INST</subfield>
   <subfield code="b">UNIPILB</subfield>
   <subfield code="c">SERIALS</subfield>
   <subfield code="e">20051116</subfield>
   <subfield code="h">Αλφαβητική σειρά</subfield>
   <subfield code="p">48590</subfield>
   <subfield code="q">48590</subfield>
   <subfield code="t">NOLOAN</subfield>
   <subfield code="v">(Έτος)1989:</subfield>
   <subfield code="y">23</subfield>
  </datafield>
  <datafield tag="852" ind1=" " ind2=" ">
   <subfield code="a">INST</subfield>
   <subfield code="b">UNIPILB</subfield>
   <subfield code="c">SERIALS</subfield>
   <subfield code="e">20051116</subfield>
   <subfield code="h">Αλφαβητική σειρά</subfield>
   <subfield code="p">48591</subfield>
   <subfield code="q">48591</subfield>
   <subfield code="t">NOLOAN</subfield>
   <subfield code="v">(Έτος)1990:</subfield>
   <subfield code="y">23</subfield>
  </datafield>
  <datafield tag="852" ind1=" " ind2=" ">
   <subfield code="a">INST</subfield>
   <subfield code="b">UNIPILB</subfield>
   <subfield code="c">SERIALS</subfield>
   <subfield code="e">20051116</subfield>
   <subfield code="h">Αλφαβητική σειρά</subfield>
   <subfield code="p">48592</subfield>
   <subfield code="q">48592</subfield>
   <subfield code="t">NOLOAN</subfield>
   <subfield code="v">(Έτος)1991:</subfield>
   <subfield code="y">23</subfield>
  </datafield>
  <datafield tag="852" ind1=" " ind2=" ">
   <subfield code="a">INST</subfield>
   <subfield code="b">UNIPILB</subfield>
   <subfield code="c">SERIALS</subfield>
   <subfield code="e">20051116</subfield>
   <subfield code="h">Αλφαβητική σειρά</subfield>
   <subfield code="p">48593</subfield>
   <subfield code="q">48593</subfield>
   <subfield code="t">NOLOAN</subfield>
   <subfield code="v">(Έτος)1993:</subfield>
   <subfield code="y">23</subfield>
  </datafield>
  <datafield tag="856" ind1="4" ind2="1">
   <subfield code="u">http://dlib.statistics.gr/portal/page/portal/ESYE/categoryyears?p_cat=10007989&amp;p_topic=10007989</subfield>
  </datafield>
  <datafield tag="900" ind1=" " ind2=" ">
   <subfield code="a">(1994)</subfield>
   <subfield code="b">Οφειλόμενο</subfield>
   <subfield code="c">28/11/2005</subfield>
  </datafield>
  <datafield tag="900" ind1=" " ind2=" ">
   <subfield code="a">(1968)</subfield>
   <subfield code="b">Οφειλόμενο</subfield>
   <subfield code="c">28/11/2005</subfield>
  </datafield>
  <datafield tag="900" ind1=" " ind2=" ">
   <subfield code="a">(1971)</subfield>
   <subfield code="b">Οφειλόμενο</subfield>
   <subfield code="c">28/11/2005</subfield>
  </datafield>
  <datafield tag="900" ind1=" " ind2=" ">
   <subfield code="a">(1972)</subfield>
   <subfield code="b">Οφειλόμενο</subfield>
   <subfield code="c">28/11/2005</subfield>
  </datafield>
  <datafield tag="900" ind1=" " ind2=" ">
   <subfield code="a">(1973)</subfield>
   <subfield code="b">Οφειλόμενο</subfield>
   <subfield code="c">28/11/2005</subfield>
  </datafield>
  <datafield tag="900" ind1=" " ind2=" ">
   <subfield code="a">(1978)</subfield>
   <subfield code="b">Οφειλόμενο</subfield>
   <subfield code="c">28/11/2005</subfield>
  </datafield>
  <datafield tag="900" ind1=" " ind2=" ">
   <subfield code="a">(1979)</subfield>
   <subfield code="b">Οφειλόμενο</subfield>
   <subfield code="c">28/11/2005</subfield>
  </datafield>
  <datafield tag="900" ind1=" " ind2=" ">
   <subfield code="a">(1992)</subfield>
   <subfield code="b">Οφειλόμενο</subfield>
   <subfield code="c">28/11/2005</subfield>
  </datafield>
  <datafield tag="950" ind1=" " ind2=" ">
   <subfield code="a">01/01/1967</subfield>
   <subfield code="c">ΔΩΡΕΑ ΠΕΡΙΟΔΙΚΩΝ</subfield>
   <subfield code="d">636</subfield>
  </datafield>
  <datafield tag="951" ind1=" " ind2=" ">
   <subfield code="a">(1993)</subfield>
   <subfield code="b">Main run</subfield>
  </datafield>
  <datafield tag="951" ind1=" " ind2=" ">
   <subfield code="a">(1967) - (1967)</subfield>
   <subfield code="b">Main run</subfield>
  </datafield>
  <datafield tag="951" ind1=" " ind2=" ">
   <subfield code="a">(1969) - (1970)</subfield>
   <subfield code="b">Main run</subfield>
  </datafield>
  <datafield tag="951" ind1=" " ind2=" ">
   <subfield code="a">(1974) - (1977)</subfield>
   <subfield code="b">Main run</subfield>
  </datafield>
  <datafield tag="951" ind1=" " ind2=" ">
   <subfield code="a">(1980) - (1991)</subfield>
   <subfield code="b">Main run</subfield>
  </datafield>
 </record>
</collection>
